Logo BPK

Biblioteka

Politechniki Koszalińskiej

50 [pięćdziesiąt] lat Akademickiego Związku Sportowego w Zakopanem : (Rekord nr 34738)

Szczegóły MARC
000 -ETYKIETA REKORDU
podpole kontrolne o stałej długości 00764nam a2200217 i 4500
001 - NUMER KONTROLNY REKORDU
pole kontrolne bg
020 ## - MIĘDZYNARODOWY ZNORMALIZOWANY NUMER KSIĄŻKI - ISBN
ISBN 8391162400
040 ## - ŹRÓDŁO KATALOGOWANIA
Instytucja, która utworzyła rekord BPK
041 0# - KOD JĘZYKA
Kod języka tekstu pl
080 ## - UNIWERSALNA KLASYFIKACJA DZIESIĘTNA - UKD
UKD 796:061.2(438)"1944"
920 ## - Międzynarodowy znormalizowany numer książki – ISBN
ISBN 83-911624-0-0
008 - POLE O STAŁEJ DŁUGOŚCI - DANE KONTROLNE
podpole kontrolne o stałej długości s pl f |000 0 pol
110 2# - NAZWA CIAŁA ZBIOROWEGO
Nazwa ciała zbiorowego Akademicki Związek Sportowy (Zakopane).
245 70 - TYTUŁ/ODPOWIEDZIALNOŚĆ
Tytuł 50 [pięćdziesiąt] lat Akademickiego Związku Sportowego w Zakopanem :
Ciąg dalszy tytułu ludzie, fakty, cyfry, sukcesy, porażki, wspomnienia, anegdoty /
Pozostałe elementy strefy tytułu i oznaczenia odpowiedzialności [oprac. Stefan Dziedzic et. al.].
260 ## - STREFA ADRESU WYDAWNICZEGO
Miejsce wydania [Zakopane :
Nazwa wydawcy/dystrybutora AZS,
Data publikacji, dystrybucji/powstania dokumentu 1999].
300 ## - STREFA OPISU FIZYCZNEGO
Objętość 324 s. :
Inne cechy fizyczne fot., rys. ;
Rozmiary 24 cm.
610 29 - HASŁO PRZEDMIOTOWE W FORMIE NAZWY CIAŁA ZBIOROWEGO
Nazwa ciała zbiorowego lub nazwa geograficzna Akademicki Związek Sportowy
651 #9 - HASŁO PRZEDMIOTOWE W FORMIE NAZWY GEOGRAFICZNEJ
Nazwa geograficzna Zakopane
Określnik ogólny sport
-- organizacje
-- historia
Określnik chronologiczny od 1944 r
700 1# - HASŁO DODATKOWE - NAZWA OSOBOWA
Nazwa osobowa DZIEDZIC, Stefan.
Określenie związku między hasłem a opisywanym materiałem Oprac.
856 ## - LOKALIZACJA I DOSTĘP DO ELEKTRONICZNYCH DOKUMENTÓW ZDALNYCH
Link (URL) http://koha.tu.koszalin.pl/cgi-bin/koha/opac-detail.pl?biblionumber=34738
Tekst linku Katalog online BPK
942 ## - DODATKOWE ELEMENTY (KOHA)
Typ dokumentu Książka
Egzemplarze
Wycofany Status egzemplarza Uszkodzony Dostępność Lokalizacja stała Lokalizacja bieżąca Miejsce przechowywania Sygnatura Kod kreskowy Typ dokumentu
      Dostępny Biblioteka Politechniki Koszalińskiej Biblioteka Politechniki Koszalińskiej Wypożyczalnia BG 48469 01418569 Książka
© 2023 Biblioteka Politechniki Koszalińskiej :: KOHA